[Event "AUT-ch U18"]
[Site "Koestendorf"]
[Date "1998.04.09"]
[Round "6.3"]
[White "Zumtobel, Thomas"]
[Black "Fuchs, Georg"]
[Result "0-1"]
[WhiteElo "2086"]
[BlackElo "2130"]
[PlyCount "68"]
[EventDate "1998.04.04"]
[EventType "swiss"]
[EventRounds "7"]
[EventCountry "AUT"]
[SourceTitle "EXT 1999"]
[Source "ChessBase"]
[SourceDate "1998.11.16"]
[SourceVersion "1"]
[SourceVersionDate "1998.11.16"]
[SourceQuality "1"]

1. e4 e5 2. Nf3 Nc6 3. Bb5 Nf6 4. 0-0 d6 5. Re1 Be7 6. c3 0-0 7. h3 a6 8. Bxc6 bxc6 9. d4 exd4 10. cxd4 d5 11. e5 Ne4 12. Nc3 Nxc3 13. bxc3 c5 14. Qc2 c4 15. Rb1 Be6 16. Qa4 Qe8 17. Qa5 Qc6 18. Ba3 Bxa3 19. Qxa3 Bf5 20. Rb2 Rfb8 21. Ree2 Rb5 22. Rb4 Qb7 23. Reb2 c6 24. Rxb5 axb5 25. Qd6 Qd7 26. Qc5 h6 27. Nd2 Ra4 28. a3 Ra6 29. Kh2 Qa7 30. Ra2 Qxc5 31. dxc5 d4 32. cxd4 c3 33. Nf3 b4 34. d5 b3 0-1

[Event "AUT-ch U18"]
[Site "Koestendorf"]
[Date "1998.04.08"]
[Round "5.7"]
[White "Zumtobel, Thomas"]
[Black "Brehovsky, Paul"]
[Result "1-0"]
[WhiteElo "2086"]
[BlackElo "1547"]
[PlyCount "40"]
[EventDate "1998.04.04"]
[EventType "swiss"]
[EventRounds "7"]
[EventCountry "AUT"]
[SourceTitle "EXT 1999"]
[Source "ChessBase"]
[SourceDate "1998.11.16"]
[SourceVersion "1"]
[SourceVersionDate "1998.11.16"]
[SourceQuality "1"]

1. e4 e6 2. d4 d5 3. Nd2 dxe4 4. Nxe4 Nf6 5. Nxf6+ Qxf6 6. Nf3 h6 7. Bd3 Bd6 8. 0-0 Nc6 9. Re1 0-0 10. Be4 Bd7 11. c3 Rfe8 12. Ne5 Bxe5 13. dxe5 Nxe5 14. f4 Nc6 15. Qxd7 Rac8 16. Qd3 Red8 17. Qf3 Rd6 18. Be3 Rcd8 19. Rad1 Rxd1 20. Rxd1 Kf8 1-0

[Event "AUT-chT2W 9798"]
[Site "Austria"]
[Date "1998.??.??"]
[Round "11"]
[White "Zumtobel, Thomas"]
[Black "Bensch, Patrick"]
[Result "1/2-1/2"]
[WhiteElo "2150"]
[BlackElo "2225"]
[PlyCount "111"]
[EventDate "1997.??.??"]
[EventType "team"]
[EventRounds "11"]
[EventCountry "AUT"]
[SourceTitle "EXT 1999"]
[Source "ChessBase"]
[SourceDate "1998.11.16"]
[SourceVersion "1"]
[SourceVersionDate "1998.11.16"]
[SourceQuality "1"]

1. e4 c5 2. Nf3 Nc6 3. g3 d5 4. exd5 Qxd5 5. Bg2 Qe6+ 6. Kf1 Nf6 7. b3 g6 8. Bb2 Bg7 9. Kg1 0-0 10. h3 Ne4 11. Bxg7 Kxg7 12. Na3 Rd8 13. Qe2 Nxd2 14. Qxe6 Nxf3+ 15. Bxf3 Bxe6 16. Kg2 Bd5 17. Rad1 Bxf3+ 18. Kxf3 Nb4 19. Ra1 Rd2 20. c3 Rd3+ 21. Ke2 Rxc3 22. Rhd1 c4 23. Nxc4 Rc2+ 24. Kf1 Rxa2 25. Rxa2 Nxa2 26. Ra1 Nb4 27. Nb6 Rb8 28. Rxa7 Nc6 29. Nd7 Nxa7 30. Nxb8 Nc6 31. Nd7 Nd4 32. b4 h5 33. h4 f6 34. Nc5 b5 35. Ke1 e5 36. Kd2 Kf7 37. Ke3 Nc2+ 38. Kd2 Nxb4 39. Ne4 Ke6 40. Nc3 Kf5 41. Nxb5 Kg4 42. Ke2 f5 43. Nd6 f4 44. Nf7 fxg3 45. Nxe5+ Kf5 46. Nc4 gxf2 47. Kxf2 Kf4 48. Kg2 Nd3 49. Kh3 Kf3 50. Nd2+ Ke3 51. Nc4+ Kf2 52. Nd2 Nf4+ 53. Kh2 Ke3 54. Nc4+ Kf3 55. Ne5+ Ke4 56. Nc4 1/2-1/2

[Event "AUT-chT2W 9697"]
[Site "Austria"]
[Date "1997.??.??"]
[Round "7"]
[White "Csrnko, Werner"]
[Black "Zumtobel, Thomas"]
[Result "0-1"]
[WhiteElo "2095"]
[BlackElo "2140"]
[PlyCount "58"]
[EventDate "1996.??.??"]
[EventType "team"]
[EventRounds "11"]
[EventCountry "AUT"]
[SourceTitle "EXT 1998"]
[Source "ChessBase"]
[SourceDate "1997.11.17"]
[SourceVersion "1"]
[SourceVersionDate "1997.11.17"]
[SourceQuality "1"]

1. Nf3 Nf6 2. g3 g6 3. Bg2 Bg7 4. 0-0 0-0 5. d3 d5 6. Nbd2 d4 7. Nb3 Ne8 8. Bd2 Qd6 9. Qc1 c5 10. a4 Nc6 11. a5 e5 12. Bh6 Be6 13. Bxg7 Kxg7 14. Nfd2 f5 15. f4 exf4 16. gxf4 Nf6 17. c3 Nd5 18. Nc4 Qe7 19. Ra3 g5 20. fxg5 f4 21. h4 h6 22. gxh6+ Kh8 23. Nbd2 Qxh4 24. Nf3 Qh5 25. Kf2 Qg4 26. Rg1 Qg3+ 27. Kf1 Ne5 28. Nfxe5 Ne3+ 29. Nxe3 fxe3+ 0-1

[Event "Goetzis IM 4th"]
[Site "Goetzis"]
[Date "1997.??.??"]
[Round "3"]
[White "Dobosz, Henryk"]
[Black "Zumtobel, Thomas"]
[Result "0-1"]
[WhiteElo "2395"]
[BlackElo "2150"]
[PlyCount "54"]
[EventDate "1997.09.??"]
[EventType "tourn"]
[EventRounds "9"]
[EventCountry "AUT"]
[EventCategory "4"]
[SourceTitle "EXT 1998"]
[Source "ChessBase"]
[SourceDate "1997.11.17"]
[SourceVersion "1"]
[SourceVersionDate "1997.11.17"]
[SourceQuality "1"]

1. c4 g6 2. Nc3 Bg7 3. d4 Nf6 4. e4 d6 5. h3 0-0 6. Bg5 Na6 7. Nf3 Qe8 8. g4 e5 9. d5 Nd7 10. Rg1 Kh8 11. Nd2 f5 12. f3 Ndc5 13. a3 Qf7 14. b4 fxe4 15. bxc5 exf3 16. Kf2 e4 17. Ndxe4 Nxc5 18. Rg3 Bd7 19. Bd3 Bd4+ 20. Be3 Qg7 21. Rc1 Rae8 22. Bb1 Bxe3+ 23. Kxe3 f2 24. Qf1 Nb3 25. Ne2 Nxc1 26. Nxc1 Qc3+ 27. Nd3 Qxc4 0-1

[Event "AUT-chT2W 9798"]
[Site "Austria"]
[Date "1997.??.??"]
[Round "2"]
[White "Kranz, Armin"]
[Black "Zumtobel, Thomas"]
[Result "1-0"]
[WhiteElo "2110"]
[BlackElo "2150"]
[PlyCount "57"]
[EventDate "1997.??.??"]
[EventType "team"]
[EventRounds "11"]
[EventCountry "AUT"]
[SourceTitle "EXT 1999"]
[Source "ChessBase"]
[SourceDate "1998.11.16"]
[SourceVersion "1"]
[SourceVersionDate "1998.11.16"]
[SourceQuality "1"]

1. d4 Nf6 2. Nf3 g6 3. c4 Bg7 4. g3 0-0 5. Bg2 d6 6. 0-0 Nc6 7. Nc3 a6 8. h3 Rb8 9. Be3 b5 10. Nd2 Bd7 11. Rc1 Na5 12. cxb5 axb5 13. b4 Nc4 14. Nxc4 bxc4 15. b5 e6 16. d5 exd5 17. a4 Qc8 18. Nxd5 Nxd5 19. Qxd5 Be6 20. Qc6 Ra8 21. Rxc4 Bxc4 22. Qxc4 Qd7 23. Bxa8 Rxa8 24. Rc1 Rc8 25. Kg2 Qe6 26. Qxe6 fxe6 27. Bb6 Ra8 28. Bxc7 Rxa4 29. Rb1 1-0

[Event "Goetzis-B"]
[Site "Goetzis"]
[Date "1996.??.??"]
[Round "5"]
[White "Hardicsay, Peter"]
[Black "Zumtobel, Thomas"]
[Result "1/2-1/2"]
[WhiteElo "2395"]
[BlackElo "2125"]
[PlyCount "28"]
[EventDate "1996.??.??"]
[EventType "tourn"]
[EventRounds "9"]
[EventCountry "AUT"]
[EventCategory "3"]
[SourceTitle "EXT 1998"]
[Source "ChessBase"]
[SourceDate "1997.11.17"]
[SourceVersion "1"]
[SourceVersionDate "1997.11.17"]
[SourceQuality "1"]

1. c4 Nf6 2. Nf3 g6 3. Nc3 Bg7 4. e4 d6 5. d4 0-0 6. Be2 e5 7. 0-0 Nc6 8. Be3 Re8 9. d5 Nd4 10. Nxd4 exd4 11. Bxd4 Nxe4 12. Bxg7 Kxg7 13. Rc1 Qf6 14. Bd3 Nxc3 1/2-1/2

[Event "Goetzis-B"]
[Site "Goetzis"]
[Date "1996.??.??"]
[Round "6"]
[White "Zumtobel, Thomas"]
[Black "Ciolac, Gheorghe"]
[Result "0-1"]
[WhiteElo "2125"]
[BlackElo "2405"]
[PlyCount "79"]
[EventDate "1996.??.??"]
[EventType "tourn"]
[EventRounds "9"]
[EventCountry "AUT"]
[EventCategory "3"]
[SourceTitle "EXT 1998"]
[Source "ChessBase"]
[SourceDate "1997.11.17"]
[SourceVersion "1"]
[SourceVersionDate "1997.11.17"]
[SourceQuality "1"]

1. e4 e5 2. Nf3 Nc6 3. Bb5 a6 4. Bxc6 dxc6 5. 0-0 f6 6. d4 exd4 7. Nxd4 c5 8. Nb3 Qxd1 9. Rxd1 Bg4 10. f3 Be6 11. Nc3 Bd6 12. Be3 b6 13. a4 Kf7 14. a5 c4 15. Nd4 b5 16. f4 Re8 17. e5 fxe5 18. fxe5 Bxe5 19. Ne4 Bg4 20. Rf1+ Kg6 21. Nc5 Bc8 22. c3 Bd6 23. Nc2 Rxe3 24. Nxe3 Bxc5 25. Rae1 Nf6 26. Kh1 h5 27. Nc2 h4 28. Nd4 h3 29. g3 Bb7+ 30. Kg1 Rd8 31. Rf4 Bg2 32. Re6 c6 33. Kf2 Kf7 34. Re1 Bd6 35. Rh4 g5 36. Ne6 Bxg3+ 37. hxg3 Rd2+ 38. Ke3 Rd3+ 39. Kf2 gxh4 40. Ng5+ 0-1

[Event "Goetzis-B"]
[Site "Goetzis"]
[Date "1996.??.??"]
[Round "3"]
[White "Zumtobel, Thomas"]
[Black "Grigore, George Gabriel"]
[Result "0-1"]
[WhiteElo "2125"]
[BlackElo "2460"]
[PlyCount "80"]
[EventDate "1996.??.??"]
[EventType "tourn"]
[EventRounds "9"]
[EventCountry "AUT"]
[EventCategory "3"]
[SourceTitle "EXT 1998"]
[Source "ChessBase"]
[SourceDate "1997.11.17"]
[SourceVersion "1"]
[SourceVersionDate "1997.11.17"]
[SourceQuality "1"]

1. e4 c5 2. Nf3 Nc6 3. d4 cxd4 4. Nxd4 e5 5. Nb5 d6 6. c4 Be6 7. Be2 Be7 8. 0-0 Nf6 9. N1c3 a6 10. Na3 Nd4 11. Be3 Nxe2+ 12. Qxe2 0-0 13. f3 Rc8 14. Rfd1 Qc7 15. Nd5 Nxd5 16. cxd5 Bd7 17. Rdc1 Qb8 18. Nc4 f5 19. Nb6 Rxc1+ 20. Rxc1 Qd8 21. Nxd7 Qxd7 22. Bb6 fxe4 23. fxe4 Bg5 24. Be3 Qb5 25. Qd2 Bxe3+ 26. Qxe3 Qxb2 27. a3 h6 28. h3 Kh7 29. Rf1 Rxf1+ 30. Kxf1 b5 31. Qf3 Qc1+ 32. Ke2 Qf4 33. Qxf4 exf4 34. e5 Kg6 35. exd6 Kf7 36. Kd3 Ke8 37. Kd4 g5 38. h4 f3 39. gxf3 gxh4 40. f4 h3 0-1

[Event "AUT-chT2W 9697"]
[Site "Austria"]
[Date "1996.??.??"]
[Round "5"]
[White "Zumtobel, Thomas"]
[Black "Hicker, Harald"]
[Result "1/2-1/2"]
[WhiteElo "2140"]
[BlackElo "2100"]
[PlyCount "122"]
[EventDate "1996.??.??"]
[EventType "team"]
[EventRounds "11"]
[EventCountry "AUT"]
[SourceTitle "EXT 1998"]
[Source "ChessBase"]
[SourceDate "1997.11.17"]
[SourceVersion "1"]
[SourceVersionDate "1997.11.17"]
[SourceQuality "1"]

1. e4 e5 2. Nf3 Nc6 3. Bc4 Be7 4. 0-0 Nf6 5. d3 d6 6. c3 0-0 7. Re1 Na5 8. Bb5 Bd7 9. Bxd7 Qxd7 10. d4 Rad8 11. b4 Nc6 12. d5 Nb8 13. c4 c6 14. Nc3 b6 15. dxc6 Nxc6 16. Ba3 a5 17. b5 Nb8 18. Re3 Qc7 19. Rc1 Nbd7 20. Rc2 Nc5 21. Bxc5 dxc5 22. Rd2 Rxd2 23. Qxd2 Rd8 24. Rd3 Rxd3 25. Qxd3 Qd6 26. Qxd6 Bxd6 27. Nd5 Nxd5 28. cxd5 f6 29. Nd2 Kf7 30. Nc4 Bc7 31. g3 g6 32. f4 exf4 33. d6 Bd8 34. gxf4 Ke6 35. Kf2 f5 36. e5 h6 37. Ke2 g5 38. fxg5 hxg5 39. Ke3 Kd7 40. Kd3 g4 41. Ke3 Bg5+ 42. Kf2 Bh4+ 43. Ke2 Bd8 44. a4 Ke6 45. Ke3 Bg5+ 46. Kf2 Bh4+ 47. Kg2 f4 48. Nxa5 Kxe5 49. Nc4+ Kd5 50. Nxb6+ Kxd6 51. a5 c4 52. Nxc4+ Kc7 53. a6 f3+ 54. Kf1 g3 55. b6+ Kc6 56. hxg3 Bxg3 57. b7 Bb8 58. Kf2 Kb5 59. Nd6+ Bxd6 60. a7 Bc5+ 61. Kxf3 Bxa7 1/2-1/2

[Event "Goetzis-B"]
[Site "Goetzis"]
[Date "1996.??.??"]
[Round "1"]
[White "Zumtobel, Thomas"]
[Black "Welsh, Michael"]
[Result "1/2-1/2"]
[WhiteElo "2125"]
[BlackElo "2155"]
[PlyCount "81"]
[EventDate "1996.??.??"]
[EventType "tourn"]
[EventRounds "9"]
[EventCountry "AUT"]
[EventCategory "3"]
[SourceTitle "EXT 1998"]
[Source "ChessBase"]
[SourceDate "1997.11.17"]
[SourceVersion "1"]
[SourceVersionDate "1997.11.17"]
[SourceQuality "1"]

1. e4 c5 2. Nc3 Nc6 3. g3 g6 4. Bg2 Bg7 5. d3 d6 6. f4 e6 7. Nf3 Nge7 8. Be3 0-0 9. 0-0 Nd4 10. Rb1 Bd7 11. Ne2 Nxf3+ 12. Bxf3 Rc8 13. c3 d5 14. e5 Qa5 15. a3 Rfd8 16. b4 cxb4 17. axb4 Qc7 18. Bc5 Bb5 19. Nd4 Be8 20. Ra1 b6 21. Bd6 Qd7 22. Ra3 Nc6 23. Nxc6 Rxc6 24. c4 Rcc8 25. c5 Qb5 26. Qd2 a5 27. d4 axb4 28. Be2 Qc6 29. Qxb4 bxc5 30. dxc5 Bf8 31. Ra6 Qxc5+ 32. Qxc5 Rxc5 33. Bxc5 Bxc5+ 34. Kg2 Rb8 35. Ra2 Be3 36. Rfa1 Bc6 37. Bf3 Rb6 38. Kh3 Kg7 39. Ra6 Rxa6 40. Rxa6 Bb5 41. Ra5 1/2-1/2

[Event "Goetzis"]
[Site "Goetzis"]
[Date "1995.??.??"]
[Round "6"]
[White "Dobosz, Henryk"]
[Black "Zumtobel, Thomas"]
[Result "0-1"]
[WhiteElo "2420"]
[BlackElo "2120"]
[PlyCount "76"]
[EventDate "1995.??.??"]
[EventType "tourn"]
[EventRounds "9"]
[EventCountry "AUT"]
[EventCategory "1"]
[SourceTitle "EXT 1997"]
[Source "ChessBase"]
[SourceDate "1996.11.15"]
[SourceVersion "1"]
[SourceVersionDate "1996.11.15"]
[SourceQuality "1"]

1. c4 Nf6 2. Nc3 e6 3. d4 d5 4. cxd5 exd5 5. Bg5 Be7 6. e3 c6 7. Qc2 Nbd7 8. Bd3 0-0 9. Nge2 Re8 10. h3 Nf8 11. g4 b5 12. 0-0-0 a5 13. Ng3 g6 14. Kb1 a4 15. Nce2 Qb6 16. Rc1 Bb7 17. f4 b4 18. Qd2 Ba6 19. Bxf6 Bxf6 20. g5 Be7 21. h4 Bb5 22. f5 Qa6 23. Nf4 Bc4 24. fxg6 fxg6 25. e4 Bxd3+ 26. Nxd3 b3 27. a3 Ne6 28. Ne5 Rac8 29. Nf5 dxe4 30. Nh6+ Kg7 31. Rhe1 c5 32. d5 Nd4 33. Rxe4 Bd6 34. Rxd4 cxd4 35. Nc6 Qe2 36. Qxe2 Rxe2 37. Rd1 Rce8 38. Nxd4 Re1 0-1

[Event "Goetzis"]
[Site "Goetzis"]
[Date "1995.??.??"]
[Round "8"]
[White "Donev, Ivo Hristov"]
[Black "Zumtobel, Thomas"]
[Result "1/2-1/2"]
[WhiteElo "2385"]
[BlackElo "2120"]
[PlyCount "126"]
[EventDate "1995.??.??"]
[EventType "tourn"]
[EventRounds "9"]
[EventCountry "AUT"]
[EventCategory "1"]
[SourceTitle "EXT 1997"]
[Source "ChessBase"]
[SourceDate "1996.11.15"]
[SourceVersion "1"]
[SourceVersionDate "1996.11.15"]
[SourceQuality "1"]

1. e4 c5 2. Nf3 d6 3. d4 cxd4 4. Nxd4 Nf6 5. Nc3 a6 6. a4 e6 7. Be2 Be7 8. 0-0 0-0 9. Be3 b6 10. f4 Bb7 11. Bf3 Qc7 12. g4 Nfd7 13. g5 Nc6 14. f5 Nxd4 15. Qxd4 Ne5 16. Be2 Qc5 17. Rad1 Qxd4 18. Rxd4 Nd7 19. Rfd1 Rfb8 20. Rxd6 Bxd6 21. Rxd6 Nc5 22. fxe6 fxe6 23. Bf3 Bc8 24. a5 Nb7 25. Rxb6 Nxa5 26. b3 Rxb6 27. Bxb6 Nc6 28. Na4 Ne5 29. Be2 Nd7 30. Kf2 Bb7 31. Ke3 Nxb6 32. Nxb6 Rd8 33. b4 Kf8 34. Na4 Ra8 35. c4 Bc6 36. Nb6 Ra7 37. c5 Bb5 38. Bxb5 axb5 39. Kd4 Rc7 40. Ke5 Ke7 41. h3 h6 42. h4 Rc6 43. Kf4 Rc7 44. Kg4 hxg5 45. hxg5 Kd8 46. Kf4 Re7 47. Ke5 Kc7 48. Kf4 Re8 49. Ke5 Kc6 50. Kf4 Rh8 51. Ke5 Rh4 52. Nc8 Rg4 53. Na7+ Kd7 54. c6+ Kc7 55. Nxb5+ Kxc6 56. Nd4+ Kb6 57. Nxe6 g6 58. Kd5 Kb5 59. e5 Kxb4 60. Kd6 Kc4 61. Ke7 Kd5 62. Kf6 Rc4 63. Ng7 Rf4+ 1/2-1/2

[Event "Oberwart op"]
[Site "Oberwart"]
[Date "1995.??.??"]
[Round "8"]
[White "Wegerer, Fred"]
[Black "Zumtobel, Thomas"]
[Result "1-0"]
[WhiteElo "2290"]
[BlackElo "2105"]
[PlyCount "95"]
[EventDate "1995.07.??"]
[EventType "swiss"]
[EventRounds "9"]
[EventCountry "AUT"]
[SourceTitle "EXT 2001"]
[Source "ChessBase"]
[SourceDate "2000.11.22"]
[SourceVersion "1"]
[SourceVersionDate "2000.11.22"]
[SourceQuality "1"]

1. g3 Nf6 2. Bg2 c6 3. Nf3 d5 4. c4 Bg4 5. Ne5 e6 6. cxd5 exd5 7. Nxg4 Nxg4 8. 0-0 Nf6 9. d4 Bd6 10. Qb3 Qb6 11. Qe3+ Be7 12. b3 Na6 13. Bb2 Nb4 14. Rc1 Qd8 15. a3 Na6 16. Nc3 0-0 17. b4 Nc7 18. Qd3 Nce8 19. Rc2 Nd6 20. f3 Nc4 21. Bc1 b5 22. e4 a5 23. Rb1 axb4 24. axb4 Qb6 25. Rf2 dxe4 26. fxe4 Rad8 27. Ne2 Ng4 28. Rf5 Bf6 29. Rc5 Nge5 30. Qc3 Nd7 31. e5 Ncxe5 32. dxe5 Bxe5 33. Qc2 Nxc5 34. Be3 Qc7 35. Qxc5 Rd6 36. Rf1 f6 37. Nc3 Qd7 38. Be4 Bxc3 39. Qxc3 Re8 40. Bf5 Qb7 41. Bc5 Rdd8 42. Qc2 h6 43. Qb3+ Kh8 44. Qf3 Rd2 45. Qh5 Ree2 46. Rf2 Rd1+ 47. Kg2 Rxf2+ 48. Kxf2 1-0

[Event "AUT-chT2W 9596"]
[Site "Austria"]
[Date "1995.??.??"]
[Round "?"]
[White "Zumtobel, Thomas"]
[Black "Hamberger, Hermann"]
[Result "1/2-1/2"]
[WhiteElo "2105"]
[BlackElo "2260"]
[PlyCount "41"]
[EventDate "1995.??.??"]
[EventType "team"]
[EventRounds "11"]
[EventCountry "AUT"]
[SourceTitle "EXT 1998"]
[Source "ChessBase"]
[SourceDate "1997.11.17"]
[SourceVersion "1"]
[SourceVersionDate "1997.11.17"]
[SourceQuality "1"]

1. e4 c5 2. Nc3 g6 3. g3 Bg7 4. Bg2 Nc6 5. d3 e5 6. Nh3 Nge7 7. 0-0 0-0 8. f4 d6 9. f5 f6 10. fxg6 hxg6 11. g4 Be6 12. Be3 Qd7 13. Nf2 Bf7 14. Qd2 Nd4 15. Ne2 d5 16. Ng3 b6 17. Qd1 Ndc6 18. h4 f5 19. gxf5 gxf5 20. exf5 Nxf5 21. Nxf5 1/2-1/2

[Event "Oberwart op"]
[Site "Oberwart"]
[Date "1995.??.??"]
[Round "7"]
[White "Zumtobel, Thomas"]
[Black "Modr, Bretislav"]
[Result "1-0"]
[WhiteElo "2105"]
[BlackElo "2350"]
[PlyCount "107"]
[EventDate "1995.07.??"]
[EventType "swiss"]
[EventRounds "9"]
[EventCountry "AUT"]
[SourceTitle "EXT 2001"]
[Source "ChessBase"]
[SourceDate "2000.11.22"]
[SourceVersion "1"]
[SourceVersionDate "2000.11.22"]
[SourceQuality "1"]

1. e4 c5 2. Nc3 e6 3. g3 d5 4. exd5 exd5 5. d4 Nf6 6. Bg5 Be7 7. Bg2 Bg4 8. Nge2 Nc6 9. dxc5 0-0 10. 0-0 Re8 11. h3 Bxe2 12. Nxe2 Bxc5 13. Nc3 Be7 14. Bxf6 Bxf6 15. Nxd5 Bd4 16. c3 Bc5 17. Qc2 Re5 18. Rad1 a6 19. Nb4 Qc7 20. Nd3 Rg5 21. Nxc5 Rxc5 22. Rfe1 g6 23. Re2 Kg7 24. Red2 Ne5 25. Kh2 Re8 26. Re2 Re7 27. Rde1 h5 28. f4 Nc6 29. Rxe7 Nxe7 30. Qe4 Nc6 31. h4 Rb5 32. Re2 Qb6 33. b4 Rf5 34. Rd2 a5 35. a3 Rf6 36. Rd7 axb4 37. axb4 Qb5 38. Qd3 Qb6 39. Qc4 Qf2 40. Qf1 Qb2 41. Qc4 Qf2 42. Qe4 Qb6 43. Qe8 Rf5 44. Qc8 Qf2 45. Qxb7 g5 46. Qxc6 Rxf4 47. gxf4 Qxf4+ 48. Kg1 Qc1+ 49. Kf2 Qc2+ 50. Ke3 Qc1+ 51. Kd3 Qb1+ 52. Kc4 Qa2+ 53. Kb5 g4 54. Qc4 1-0